000 00336nam a2200133 i 4500
001 bgj
100 1 _aWILLIAMSON, Marilyn L.
245 4 _aThe patriarchy of Shakespeare' comedies /
_cMarilyn L. Williamson.
260 _aDetroit,
_c1986.
040 _cBPK
041 _aeng
942 _cKS
008 s uk f |000 0 eng
999 _c47882
_d47882